Zaniklé Podskalí

Titel: Zaniklé Podskalí : vory a lodě na Vltavě / Jan Jungmann
Beteiligt:
Veröffentlicht: Praha : Muzeum Hlavního Města Prahy, 2005
Umfang: 118 Seiten : Illustrationen + Dt. und engl. Zsfassung
Format: Buch
Sprache: Tschechisch
Schlagworte:
ISBN: 8085394499
Buchumschlag
X
Lokale Klassifikation: 23 8 P 481 ; 23 8 M 170 ; 23 13 E ; 22 13 E
alg: 24595887
001A    $03004:03-05-11 
001B    $01999:08-06-25 $t15:08:37.000 
001D    $03004:17-11-11 
001U    $0utf8 
001X    $00 
002@    $0Aau 
002C    $aunbewegtes Bild $bsti $2rdacontent 
002C    $aText $btxt $2rdacontent 
002D    $aohne Hilfsmittel zu benutzen $bn $2rdamedia 
002E    $aBand $bnc $2rdacarrier 
003@    $0245958878 
004A    $080-85394-49-9 
007A    $0245958878 $aHEB 
007G    $0DE02008350C36C56529AAC12579500054A1F2 
007T    $0Herdhh245958878 
009P    $qapplication/pdf $A2 $3Inhaltsverzeichnis $uhttp://scans.hebis.de/HEBCGI/show.pl?24595887_toc.pdf $mV:DE-603;B:DE-Mb50 
010@    $acze 
011@    $a2005 $n2005 
013D    $RBuch $RBildliche Darstellung $#Abbildungen Formschlagwort $#Ansichtspostkarte Formschlagwort $#Bildatlas $#Bilddokumente $#Bilder Formschlagwort $#Bildmaterial Formschlagwort $#Ansichten Formschlagwort $#Bildsammlung $#Abbildungswerk $#Illustrationswerk $#Photographien-Bildband $#Fotographien-Bildband $#Bildbände $74145395-5 $8Bildband [Ts1] $9085578738 
021A    $aZaniklé Podskalí $dvory a lodě na Vltavě $hJan Jungmann 
028C    $D20220215 $Ecgwrk $71055292659 $8Jungmann, Jan$Z1964- [Tp3] $934507002X 
033A    $pPraha $nMuzeum Hlavního Města Prahy 
034D    $a118 Seiten 
034K    $aDt. und engl. Zsfassung 
034M    $aIllustrationen 
044K    $qDNB $#Prag $#Hlavni Město Praha $#Hauptstadt Prag $#Prag Kraj $#Bezirk Prag $#Praha $#Prague $#Praga $#Praag $#Boiemorum Casurgis $#Bojemorum Casurgis $#Casurgis $#Regia Boiemorum Casurgis $#Regia Bojemorum Casurgis $74076310-9 $8Prag [Tg1] $9085216283 
044K    $qDNB $RVerkehrsträger $#Shipping $#Transports maritimes $#Schifffahrt $#Schifffahrt $#Schifffahrt $#Schiffsverkehr $#Schiffahrt $74116383-7 $8Schifffahrt [Ts1] $9085354953 
044K    $qDNB $RWasserwandern $#Floßreise $#Floß Reise $74154667-2 $8Floßfahrt [Ts1] $9085654272 
045F    $a330.094371 $eDDC23BSB 
045F/01 $a330.09 
045F/03 $g4371 
045F/03 $g437 
045R    $aGeschichte 
046L    $aZusammenfassung in deutscher und englischer Sprache : Das verschwundene Podskalí 

lok: 24595887 24
101B    $017-11-11 $t09:12:18.000 
101C    $017-11-11 
101U    $0utf8 
145Z/01 $a23 8 P 481 
145Z/02 $a23 8 M 170 
145Z/03 $a23 13 E 
145Z/04 $a22 13 E 

exp: 24595887 24 1 #EPN
201B/01 $017-11-11 $t09:12:18.000 
201C/01 $003-05-11 
201U/01 $0utf8 
203@/01 $0618246010 
208@/01 $a17-11-11 $bz 
209A/01 $a11.03211 $du $f050 $h11 03211 $x00 
209C/01 $a11.03211 K $h11 03211 K 
209G/01 $a72596714 $x00 
220C/01 $akon 
247C/01 $8358050-7 Marburg, Bibliothek des Herder-Instituts Marburg $9102600961 

lok: 24595887 78

exp: 24595887 78 1 #EPN
201B/01 $026-11-17 $t00:30:15.000 
201U/01 $0utf8 
203@/01 $0793597897 
208@/01 $a12-11-16 $be 
209A/01 $a/ $f000 $x00 
237A/01 $aweiterführende Signatur(en): Herder-Institut: 11.03211 
244Z/01 $#Tschechien $#Tschechische Republik $#Tschechien $#Tschechische Republik $#Tschechenland $#Tschechei Tschechien $#Česká Republika $#Czech Republic $#ČR $74303381-7 $8--Tg1--Tschechien $x01 $9086659812 
244Z/01 $2Trx $#Böhmen $#Bohemia $#Czechy $8--Trx--Čechy $x02 $9391188941 
244Z/01 $2Trx $#laeva sõit $#jūreivystė $#shipping $#hajóutazás $#żegluga $#doprava lodná $#doprava lodní $#Seefahrt $#doprava námorná $#doprava námořní $8--Trx--Schifffahrt $x03 $9391380680 
244Z/01 $2Trx $#dzieło zbiorowe $8--Trx--Sammelwerk $x04 $9391384597 
244Z/01 $2Trx $#Prag-Podskalí $8--Trx--Praha-Podskalí $x05 $9391205684 
244Z/01 $2Trx $#linnad $#miestai $#towns $#városok $#miejscowości ogólnie $#dejiny miest $#dějiny měst $8--Trx--Städtewesen $x06 $9391381458 
244Z/01 $ačásti městské $x07 
244Z/01 $avoroplavba $x08 
244Z/01 $2Trx $#transport ja liiklus $#susisiekimas $#traffic $#szállítás és forgalom $#komunikacja i transport $#doprava $#doprava $#Verkehr $#transport $#spoje $8--Trx--Transport und Verkehr $x09 $9391358464 
245Z/01 $a09.05 $x01 
247C/01 $82080>Marburg/Lahn, Herder-Institut, Forschungsbibliothek, Bibliographieportal $9336309341
LEADER 00000cam a2200000 c 4500
001 245958878
003 DE-603
005 20250608150837.0
007 tu
008 110503s2005 xx |||| | u00||u|cze c
020 |a 8085394499 
035 |a (DE-599)HEB245958878 
040 |a DE-603  |b ger  |c DE-603  |d DE-603 
041 |a cze 
082 0 4 |8 1\u  |a 330.094371  |q DE-101  |2 23/BSB 
085 |8 1\u  |b 330.09 
085 |8 1\u  |z 2  |s 4371 
085 |8 1\u  |z 2  |s 437 
245 0 0 |a Zaniklé Podskalí  |b vory a lodě na Vltavě  |c Jan Jungmann 
264 1 |a Praha  |b Muzeum Hlavního Města Prahy  |c 2005 
300 |a 118 Seiten  |b Illustrationen  |e Dt. und engl. Zsfassung 
336 |a unbewegtes Bild  |b sti  |2 rdacontent 
336 |a Text  |b txt  |2 rdacontent 
337 |a ohne Hilfsmittel zu benutzen  |b n  |2 rdamedia 
338 |a Band  |b nc  |2 rdacarrier 
546 |a Zusammenfassung in deutscher und englischer Sprache : Das verschwundene Podskalí 
648 7 |a Geschichte  |2 gnd 
650 7 |a Schifffahrt  |0 (DE-588)4116383-7  |0 (DE-603)085354953  |2 gnd 
650 7 |a Floßfahrt  |0 (DE-588)4154667-2  |0 (DE-603)085654272  |2 gnd 
651 7 |a Prag  |0 (DE-588)4076310-9  |0 (DE-603)085216283  |2 gnd 
655 7 |a Bildband  |2 gnd-content  |0 (DE-588)4145395-5  |0 (DE-603)085578738 
700 1 |a Jungmann, Jan  |d 1964-  |0 (DE-603)34507002X  |0 (DE-588)1055292659  |2 gnd 
856 4 2 |m V:DE-603;B:DE-Mb50  |q application/pdf  |u http://scans.hebis.de/HEBCGI/show.pl?24595887_toc.pdf  |3 Inhaltsverzeichnis 
924 0 |9 Mb 50  |a (DE-603)618246010  |b DE-Mb50  |c HES  |d c  |g 11.03211 
924 0 |9 2080  |a (DE-603)793597897  |b DE-2080  |c HES  |d d  |g /